000 00410nam a2200169 a 4500
003 DO-SdBNP
005 20211025150409.0
007 ta
008 180620s1967 000 spa d
040 _aDO-SdBNP
_bspa
_cBNPHU
082 4 _222
245 0 0 _aPoemas sin limites II.
260 _aSanto Domingo :
_bLa Mascara,
_c1967.
590 _aInventariado, 2020/BT
910 _aBtavárez
942 _2ddc
_cLBS1
999 _c47017
_d47017